000 00686nam a2200193 a 4500
008 120416s1979 ||||||||||||||||| || u
050 _aHG 4028 Cla
100 _aPritchard, Robert E
245 1 0 _aCapital budgeting: planning and control of capital expenditures
260 _aEnglewood Cliffs, [N.J.]
_bFT Prentice-Hall
_c1979
300 _aix, 468p.: ill.
350 _a0.00
650 _aCASH FLOW
650 _aCAPITAL BUDGET
650 0 _aBUDGET
650 _aCAPITAL ASSETS PRICING MODEL
700 _aClark, John J
995 _D0.00
_FCBU-MAIN LIBRARY (Kitwe)
_H1
_I0.00
_M1
_UAVAILABLE
_ZAnnex Low-Usage Collection
999 _c36705
_d36705